000 00426pab a2200181 454500
008 180718b2013 xxu||||| |||| 00| 0 eng d
100 _aRobinson, Nick
245 _aThe Indian Supreme Court and its benches
260 _c2013
300 _ap.55-58.
362 _aFeb
650 _aSupreme Court - India
650 _aJudiciary - India
650 _aJudiciary
773 _aSeminar
908 _aN
909 _a102273
999 _c102271
_d102271